000 01241naa a22003257a 4500
001 BR7703972
003 BR-BrBNA
005 20240918174023.0
007 ta
008 230509b bl.||||| |||| 00| 0 por d
040 _aBR-BrBNA
_bpor
_cBiblioteca Nacional de Agricultura
041 _a(Pt)
072 _aH60; F70
_b1410
_bG514
090 _aH60 BR7703972
100 1 _aSilva, H.T. da
100 1 _aChemale, V.M.
111 1 _a14. Reuniao Tecnica Anual do Feijao
_cPorto Alegre, RS (Brazil)
_d20 Jul 1977
245 1 _aPlantas invasoras da cultura do feijao (Phaseolus vulgaris L.)na regiao do Alto Uruguai (RS)[Erva daninha; Taxonomia vegetal; Distribuicao geografica; Rio Grande do Sul; Brasil]
260 3 _aPorto Alegre, RS (Brasil):
_c1977.
500 _aAta da 14. Reuniao Tecnica Anual do Feijao Porto Alegre, RS (Brasil): 1977. p. 1-11 (BR7703972-AM)H60
650 _aErva daninha
650 _aTaxonomia vegetal
650 _aFeijao
650 _aDistribuicao geografica
650 _aAlto Uruguai
650 _aRio Grande do Sul
773 0 _tAta da 14. Reuniao Tecnica Anual do Feijao
_wH60 BR7703972
_gPorto Alegre, RS (Brasil), 1977. p. 1-11
909 _a202404
_bLucia
_c55
_dLucia Elande
942 _cAM
_2AGRIS
999 _c308383
_d308383